00734nam a2200217Ia 450000500170000000800410001702000220005804100080008008200160008810000220010424500900012626000340021630000090025050000190025965000190027870000220029790600100031994200070032999900170033695201630035320230202133149.0230125s9999 xx 000 0 und d a978-81-309-3415-0 aeng a153.94bBAR aBarrett J9108224 aTest Your Numerical AptitudebHow To Assess Your Numeracy Skills And Plan Your Career c2016bSource BooksaNew Delhi a173p aAptitude Tests aAptitude Tests aBarrett J9108224 b48.75 cBK c94060d94060 00104070aHIMRbHIMRd2016-03-04ePritam Book Centreg195.00i9834l0o153.94 BAR B14135pHIMR-BK-14135r2023-01-25 00:00:00v146.25w2016-03-04yBKzB14135